Ép testben ép lélek-az egészségturizmus helyzetének bemutatása a "Tiszazug északi kapujában"

Bibliográfiai részletek
Szerző: Dékány Dorina
További közreműködők: Nagy Dr. Adrienne
Dokumentumtípus: Diplomadolgozat
Kulcsszavak:Egészségturizmus
Gyógyvíz
Online Access:http://dolgozattar.uni-bge.hu/4235

MARC

LEADER 00000nta a2200000 i 4500
001 dolg4235
005 20160216105302.0
008 151207suuuu hu om 000 hun d
040 |a BGE Dolgozattár Repozitórium  |b hun 
041 |a hu 
100 1 |a Dékány Dorina 
245 1 0 |a Ép testben ép lélek-az egészségturizmus helyzetének bemutatása a "Tiszazug északi kapujában"   |c Dékány Dorina  |h [elektronikus dokumentum] 
246 1 1 |a Ép testben ép lélek-az egészségturizmus helyzetének bemutatása a "Tiszazug északi kapujában"  
695 |a Egészségturizmus 
695 |a Gyógyvíz 
700 1 |a Nagy Dr. Adrienne  |e ths 
856 4 0 |u http://dolgozattar.uni-bge.hu/4235/1/D%C3%A9k%C3%A1ny-Dorina-szakdolgozat.pdf  |z Dokumentum-elérés